Teoría de la guerra en Francisco Suárez
Uloženo v:
| Hlavní autor: | |
|---|---|
| Médium: | Kniha |
| Jazyk: | španělština |
| Vydáno: |
Madrid, España
Consejo Superior de Investigaciones Científicas
1954
|
| Témata: | |
| Tagy: |
Přidat tag
Žádné tagy, Buďte první, kdo vytvoří štítek k tomuto záznamu!
|
MARC
| LEADER | 00000cam a2200000 a 4500 | ||
|---|---|---|---|
| 001 | UCS8393 | ||
| 003 | CL-VaPUC | ||
| 005 | 20240607122353.0 | ||
| 008 | 971031e19540000SP |||||||||||||||||spa|d | ||
| 999 | |c 262822 |d 262820 | ||
| 040 | |c Pontificia Universidad Católica de Valparaíso | ||
| 082 | 0 | 4 | |a 946.04 PER 1954 |2 21 |
| 100 | 0 | |a Pereña Vicente, Luciano |e author |9 393231 | |
| 245 | 1 | 0 | |a Teoría de la guerra en Francisco Suárez |
| 260 | |a Madrid, España |b Consejo Superior de Investigaciones Científicas |c 1954 | ||
| 300 | |a 2 volúmenes | ||
| 500 | |a v.1: Guerra y Estado v.2:Texto crítico | ||
| 583 | |a last modification |c 20160629 08:36:24 |k Rodrigo Vera | ||
| 600 | 0 | |a Suárez, Francisco, |c S.I. |9 255840 | |
| 650 | 0 | |a Guerra |x FILOSOFIA POLITICA |9 255876 | |
| 650 | 7 | |a CRISIS POLITICA |2 CL-VaPUC |9 327740 | |
| 650 | 0 | |a Arbitraje internacional |9 367460 | |
| 852 | |a BIBCUR | ||
| 942 | |c BK |2 ddc | ||
| 945 | |d 19971031 00:00:00 |a aolguin | ||
| 952 | |0 0 |1 0 |2 ddc |4 0 |6 946_040000000000000_PER_1954 |7 0 |8 DER_TF |9 291719 |a BIBDER |b BIBDER |d 2019-11-19 |h v.1 |i 1897675 |o 946.04 PER 1954 |p 1897675 |r 2023-01-25 |t 1 |w 2019-11-19 |x Ubicación 4to Piso |y BK |z Estos recursos deben solicitarse con anticipación |k DER | ||
| 952 | |0 0 |1 0 |2 ddc |4 0 |6 946_040000000000000_PER_1954 |7 0 |8 DER_TF |9 291720 |a BIBDER |b BIBDER |d 2019-11-19 |h v.2 |i 1896539 |o 946.04 PER 1954 |p 1896539 |r 2023-01-25 |t 1 |w 2019-11-19 |x Ubicación 4to Piso |y BK |z Estos recursos deben solicitarse con anticipación |k DER | ||
| 952 | |0 0 |1 0 |2 ddc |3 erb |4 0 |6 946_040000000000000_PER_1954 |7 0 |8 A |9 291721 |a FDOHBE |b FDOHBE |e Huesbe Llanos, Marco Antonio, 1934- |h v.1 |i 5331889 |o 946.04 PER 1954 |p 5331889 |r 2024-01-30 |t 2 |w 2019-11-19 |y BK |z Catalogado en:20160701 |k HBE | ||
| 952 | |0 0 |1 0 |2 ddc |3 erb |4 0 |6 946_040000000000000_PER_1954 |7 0 |8 A |9 291722 |a FDOHBE |b FDOHBE |e Huesbe Llanos, Marco Antonio, 1934- |h v.2 |i 5331897 |o 946.04 PER 1954 |p 5331897 |r 2024-01-30 |t 2 |w 2019-11-19 |y BK |z Catalogado en:20160701 |k HBE | ||